000 00520nam a2200169Ia 4500
008 090711s9999 xx 000 0 und d
082 _b50801
100 _aदिघे प्रभाकर तुकाजी
245 _aपंSाधारा
260 _c1985
300 _a60
600 _aदिघे प्रभाकर तुकाजी
630 _aपंSाधारा
700 _aदिघे प्रभाकर तुकाजी
730 _aपंSाधारा
942 _cBOOK
999 _c322730
_d322730